000 00673nam a22002297a 4500
005 20170124110056.0
010 _a471760
020 _c00.00
035 _a471760
037 _bCen Lib/Ret
040 _aDPL
_bEN
082 _a954.0841
_bRAM
100 _aGopal, Ram
_925570
245 _aHow India struggled for freedom :
_cby Ram Gopal
_ba political history /
260 _aBombay
_bBook Centre
_c1967
270 _aRanade Road
_bBombay
_e400023
300 _a469p.
_c20cm(Hb)
500 _aIncludes index
650 _aIndia -- History -- 20th century
_926419
650 _aIndia -- Political History
_926420
942 _2ddc
_cEN
_h954.0841
_mRAM
999 _c129457
_d129457